000 00567nam a22002177a 4500
005 20220927141341.0
008 220927b ||||| |||| 00| 0 eng d
020 _a9788186423684
040 _aIN-DiNC
_cIN-DiNC
041 _deng
082 _a823.5
_bSWI
100 _aSwift, Jonathan
_eauthor
245 _aGulliver's travels/
_cby Jonathan Swift
250 _a1st ed.
260 _aDelhi:
_bBook land,
_c2016.
300 _axxxii, 271p.
650 _aEnglish masterpiece
650 _aEnglish novel
700 _aLanda, Louis A.
_eEditor
942 _2ddc
_cBK
999 _c11407
_d11407